<?xml version="1.0" encoding="UTF-8"?>
<record
    xmlns:xsi="http://www.w3.org/2001/XMLSchema-instance"
    xsi:schemaLocation="http://www.loc.gov/MARC21/slim http://www.loc.gov/standards/marcxml/schema/MARC21slim.xsd"
    xmlns="http://www.loc.gov/MARC21/slim">

  <leader>00663nam a22001337a 4500</leader>
  <controlfield tag="005">20250807101305.0</controlfield>
  <controlfield tag="008">250807b        |||||||| |||| 00| 0 eng d</controlfield>
  <datafield tag="050" ind1=" " ind2=" ">
    <subfield code="a">THE LC 4091 .O55 2020</subfield>
    <subfield code="b">C.1</subfield>
  </datafield>
  <datafield tag="100" ind1=" " ind2=" ">
    <subfield code="a">Okello, Melenia Khayende</subfield>
  </datafield>
  <datafield tag="245" ind1=" " ind2=" ">
    <subfield code="a">Schools' preparedness towards implementation of digital literacy programme in public primary schools in Waitaluk Division, Trans-Nzoia County, Kenya</subfield>
  </datafield>
  <datafield tag="260" ind1=" " ind2=" ">
    <subfield code="a">Kisii</subfield>
    <subfield code="b">Kisii University</subfield>
    <subfield code="c">2020</subfield>
  </datafield>
  <datafield tag="650" ind1=" " ind2=" ">
    <subfield code="a">1. Digital literacy&#x2014;Study and teaching (Primary) 2. Information technology&#x2014;Education&#x2014;Kenya. 3. Public schools&#x2014;Kenya&#x2014;Trans-Nzoia County. 4. Computer-assisted instruction&#x2014;Kenya.</subfield>
  </datafield>
  <datafield tag="942" ind1=" " ind2=" ">
    <subfield code="2">lcc</subfield>
    <subfield code="c">REF</subfield>
  </datafield>
  <datafield tag="999" ind1=" " ind2=" ">
    <subfield code="c">215994</subfield>
    <subfield code="d">215994</subfield>
  </datafield>
  <datafield tag="952" ind1=" " ind2=" ">
    <subfield code="0">0</subfield>
    <subfield code="1">0</subfield>
    <subfield code="2">lcc</subfield>
    <subfield code="4">0</subfield>
    <subfield code="6">THE L C4091 O55  02020</subfield>
    <subfield code="7">0</subfield>
    <subfield code="8">SC</subfield>
    <subfield code="9">372773</subfield>
    <subfield code="a">KSUL</subfield>
    <subfield code="b">KSUL</subfield>
    <subfield code="d">2025-08-07</subfield>
    <subfield code="i">108032</subfield>
    <subfield code="l">0</subfield>
    <subfield code="o">THE LC 4091 .O55 2020</subfield>
    <subfield code="p">000000023526</subfield>
    <subfield code="r">2025-08-07 10:14:00</subfield>
    <subfield code="t">C.1</subfield>
    <subfield code="w">2025-08-07</subfield>
    <subfield code="y">REF</subfield>
  </datafield>
</record>
